[Event "Saint Georges - Lutèce Echecs 2"]
[Site "Saint-Georges"]
[Date "2008.11.22"]
[Round "2.5"]
[White "Meslin, Lancelot"]
[Black "de Poléon, Darius"]
[Result "0-1"]
[WhiteElo "1907"]
[BlackElo "2013"]
[WhiteCountry "Saint-Georges"]
[BlackCountry "Lutèce Echecs"]
[EventDate "2008.11.22"]

1. e4 c5 2. Nf3 d6 3. c3 Nf6 4. Be2 Nc6 5. d4 Bg4 6. dxc5 dxc5 7. Qc2 e6
8. Bf4 Be7 9. O-O Bxf3 10. Bxf3 e5 11. Bg5 O-O 12. Bxf6 Bxf6 13. Be2 Qc7
14. Nd2 Rad8 15. Nc4 Bg5 16. Rad1 b5 17. Nd2 c4 18. Nf3 Be7 19. Rd5 Rxd5
20. exd5 Nb8 21. Qe4 Nd7 22. Rd1 f5 23. Qe3 h6 24. Qd2 Bd6 25. h3 Nc5 26. Qe3
Ne4 27. Nh4 Bc5 0-1

[Event "Saint Georges - Lutèce Echecs 2"]
[Site "Saint-Georges"]
[Date "2008.11.22"]
[Round "2.6"]
[White "Iasman, Inna"]
[Black "Mollion, Jean-Luc"]
[Result "1-0"]
[WhiteElo "1903"]
[BlackElo "1880"]
[WhiteCountry "Lutèce Echecs"]
[BlackCountry "Saint-Georges"]
[EventDate "2008.11.22"]

1. d4 d5 2. c4 e6 3. Nf3 Nf6 4. Bg5 Be7 5. Nc3 c6 6. e3 Nbd7 7. Rc1 O-O 8. Bd3
h6 9. Bh4 Nh7 10. Bxe7 Qxe7 11. O-O Ng5 12. Nxg5 Qxg5 13. e4 Nb6 14. c5 Nd7
15. f4 Qd8 16. e5 f6 17. Qg4 f5 18. Qh3 b6 19. b4 bxc5 20. bxc5 a5 21. Rb1 Ba6
22. Na4 Bxd3 23. Qxd3 Rb8 24. Qa6 Qc7 25. Nb6 Nxb6 26. cxb6 Qb7 27. Qxa5 Ra8
28. Qc5 Ra6 29. Rb2 Re8 30. Rc1 Rc8 31. Rc3 Kf7 32. Kf2 Rca8 33. a3 Rc8 34. Ke3
Ra4 35. Rb4 Rca8 36. Rxa4 Rxa4 37. Rb3 Ra6 38. Qb4 Ra8 39. a4 Rb8 40. Qd6 Qc8
41. a5 Ke8 42. a6 Kf7 43. b7 Qe8 44. a7 Rd8 45. Qxd8 Qxd8 46. b8=Q Qxb8 (
46... Qa5 47. Qb7+ Kg6 48. Kf2) 47. axb8=Q 1-0

[Event "Saint Georges - Lutèce Echecs 2"]
[Site "Saint-Georges"]
[Date "2008.11.22"]
[Round "2.7"]
[White "Baroudel, Hadrien"]
[Black "Chandesris, Ludovic"]
[Result "0-1"]
[WhiteElo "1830"]
[BlackElo "1917"]
[WhiteCountry "Saint-Georges"]
[BlackCountry "Lutèce Echecs"]
[EventDate "2008.11.22"]

1. e4 c5 2. Nc3 Nc6 3. g3 d6 4. Bg2 Nf6 5. d3 g6 6. h3 Bg7 7. Be3 O-O 8. Qd2
Rb8 9. Bh6 b5 10. Bxg7 Kxg7 11. a3 a5 12. f4 e5 13. Nf3 b4 14. axb4 axb4
15. Ne2 b3 16. c4 Nb4 17. O-O Nc2 18. Rab1 Re8 19. Nc3 Bb7 20. Ne1 Nd4 21. Nf3
Ra8 22. fxe5 dxe5 23. Nxd4 Qxd4+ 24. Kh2 Rad8 25. Nd5 Bxd5 26. exd5 e4 27. Qc3
Qxc3 28. bxc3 exd3 29. Rfd1 Re2 30. Re1 Rxe1 31. Rxe1 d2 32. Rb1 Re8 33. Bf3
Re1 34. Rxb3 Rf1 0-1

[Event "Saint-Georges - Lutèce Echecs 2"]
[Site "Saint-Georges"]
[Date "2008.11.22"]
[Round "2.8"]
[White "Afrakhteh, Nahid"]
[Black "Lainé, Auriane"]
[Result "1-0"]
[WhiteElo "1510"]
[BlackElo "1009"]
[WhiteCountry "Lutèce Echecs"]
[BlackCountry "Saint-Georges"]
[EventDate "2008.11.22"]

1. d4 d5 2. c4 dxc4 3. Qa4+ Bd7 4. Qxc4 Nf6 5. Nf3 e6 6. Bg5 Be7 7. Nc3 Na6
8. e4 Bc6 9. Qb3 O-O 10. Bxa6 bxa6 11. Bxf6 Bxf6 12. Rd1 Rb8 13. Qc4 Rb6
14. O-O Qb8 15. a4 Qb7 16. d5 exd5 17. Nxd5 Rxb2 18. e5 Bd8 19. Rfe1 Bxd5
20. Qxd5 Qxd5 21. Rxd5 c6 22. Rd6 Ba5 23. Red1 c5 24. Rxa6 Rfb8 25. Rxa5 Rb1
26. Re1 c4 27. Rxa7 c3 28. Rc7 R1b3 29. g3 g6 30. Ng5 Rf8 31. Ne4 Rd8 32. Nxc3
Rxc3 33. Rxc3 Ra8 34. Rc4 Kg7 35. Rd1 f6 36. Rd7+ Kh6 37. exf6 Rf8 38. Rh4+ Kg5
39. Rdxh7 Kxf6 40. Rf4+ Kg5 41. h4# 1-0

[Event "Tour Blanche - Meaux Beauval"]
[Site "Tour Blanche"]
[Date "2008.11.22"]
[Round "2.1"]
[White "Repage, Astrit"]
[Black "Shchekachev, Andrei"]
[Result "0-1"]
[WhiteElo "2128"]
[BlackElo "2514"]
[WhiteCountry "Tour Blanche"]
[BlackCountry "Meaux Beauval"]
[EventDate "2008.11.22"]

1. e4 c5 2. Nf3 e6 3. d4 cxd4 4. Nxd4 a6 5. Nc3 b5 6. a3 Bb7 7. Be3 d6 8. Qd2
Nf6 9. f3 Nbd7 10. g4 Nb6 11. g5 Nfd7 12. Qf2 Be7 13. h4 Rc8 14. Bg2 Nc4
15. Bc1 O-O 16. Qg3 Qb6 17. Nde2 Ne3 18. Bxe3 Qxe3 19. Rh3 a5 20. Nd1 Qb6
21. c3 Nc5 22. Nf2 b4 23. axb4 axb4 24. f4 Ra8 25. Rxa8 Rxa8 26. cxb4 Ra1+
27. Nd1 Nxe4 28. Bxe4 Bxe4 29. Qe3 Qxb4+ 30. Nc3 d5 31. Qd2 Bf5 32. Re3 d4 0-1

[Event "Tour Blanche - Meaux Beauval"]
[Site "Tour Blanche"]
[Date "2008.11.22"]
[Round "2.2"]
[White "Lupu, Mircea-Sergiu"]
[Black "Gantner, Ludovic"]
[Result "0-1"]
[WhiteElo "2435"]
[BlackElo "2069"]
[WhiteCountry "Meaux Beauval"]
[BlackCountry "Tour Blanche"]
[EventDate "2008.11.22"]

1. d4 Nf6 2. Nf3 g6 3. c4 Bg7 4. Nc3 O-O 5. Bg5 h6 6. Bh4 d6 7. e3 Bf5 8. Be2
c5 9. O-O Ne4 10. Nxe4 Bxe4 11. Qb3 Nc6 12. Nd2 Bf5 13. Qxb7 Bd7 14. Bf3 Rb8
15. Qa6 Rb6 16. Qa3 cxd4 17. Bxc6 Bxc6 18. exd4 Bxd4 19. Nb3 Rxb3 20. Qxb3 g5
21. Bg3 Qa8 22. Rfd1 Rb8 23. Qd3 Bc5 24. Qf1 f5 25. h4 f4 26. Bh2 Rxb2 27. Rdb1
Rxf2 28. Qxf2 Bxf2+ 29. Kxf2 Bxg2 30. Rb3 Bh1 31. Rg1 Qe4 32. hxg5 Qc2+ 33. Kf1
Qd1+ 34. Kf2 Qd2+ 35. Kf1 f3 0-1

[Event "Tour Blanche - Meaux Beauval"]
[Site "Tour Blanche"]
[Date "2008.11.22"]
[Round "2.3"]
[White "Mondon, Fabrice"]
[Black "Luce, Sébastien"]
[Result "1/2-1/2"]
[WhiteElo "1998"]
[BlackElo "2333"]
[WhiteCountry "Tour Blanche"]
[BlackCountry "Meaux Beauval"]
[EventDate "2008.11.22"]

1. e4 d6 2. d4 Nf6 3. Nc3 c6 4. f4 Qa5 5. Bd3 e5 6. dxe5 dxe5 7. fxe5 Ng4
8. Nf3 Nd7 9. Qe2 Ngxe5 10. Bd2 Qc7 11. O-O-O Bd6 12. h3 Nf6 13. Nd4 Be6
14. Bg5 Nxd3+ 15. Qxd3 Bf4+ 16. Bxf4 Qxf4+ 17. Kb1 O-O-O 18. Nxe6 fxe6 19. Qc4
Qe5 20. g4 h6 21. Rhe1 Rhe8 22. a3 Kb8 23. Rf1 Kc8 24. Rfe1 1/2-1/2

[Event "Tour Blanche - Meaux Beauval"]
[Site "Tour Blanche"]
[Date "2008.11.22"]
[Round "2.4"]
[White "Rrhiouah, Tarik"]
[Black "Le Coz, Philippe"]
[Result "1-0"]
[WhiteElo "2289"]
[BlackElo "1990"]
[WhiteCountry "Meaux Beauval"]
[BlackCountry "Tour Blanche"]
[EventDate "2008.11.22"]

1. e4 e6 2. c4 d5 3. Nc3 d4 4. Nce2 c5 5. d3 Nc6 6. f4 e5 7. f5 g6 8. Ng3 Bh6
9. Nf3 Bxc1 10. Qxc1 Qf6 11. Be2 gxf5 12. exf5 Qh6 13. Ng5 Nf6 14. O-O Nh5 (
14... Qg7 15. Nh5 Nxh5 16. Bxh5 O-O 17. Rf3 Kh8 18. f6) 15. Nxh5 1-0

[Event "Tour Blanche - Meaux Beauval"]
[Site "Tour Blanche"]
[Date "2008.11.22"]
[Round "2.5"]
[White "Tilquin, Jean-Pierre"]
[Black "Strugnell, Carl"]
[Result "1/2-1/2"]
[WhiteElo "1958"]
[BlackElo "2243"]
[WhiteCountry "Tour Blanche"]
[BlackCountry "Meaux Beauval"]
[EventDate "2008.11.22"]

1. e4 c5 2. d4 cxd4 3. c3 dxc3 4. Nxc3 Nc6 5. Nf3 e6 6. Bc4 a6 7. O-O Nge7
8. Qe2 Ng6 9. Be3 b5 10. Bb3 Na5 11. Nd4 Nxb3 12. axb3 Bb7 13. f3 Be7 14. Rac1
O-O 15. Kh1 b4 16. Na4 d5 17. exd5 Bxd5 18. Nc6 Bxc6 19. Rxc6 Qd5 20. Rc4 Rad8
21. Nc5 Nf4 22. Rxf4 Bxc5 23. Bxc5 Qxc5 24. Qxa6 Rd2 25. Qc4 Qxc4 26. Rxc4 Rb8
27. Rfc1 g6 28. R4c2 Rd3 29. Kg1 Rxb3 30. Kf2 Kg7 31. Rd2 h5 32. Rc4 Rb5
33. Re4 Rd5 34. Rc2 Kf8 35. Re3 Rbd3 36. Rxd3 Rxd3 37. Ke2 Rd4 38. Ke3 Rd5
39. Rc4 Rb5 40. Kd3 Ke7 41. Kc2 Re5 42. Kd2 Rg5 43. g3 Rb5 44. Kc2 Kd6 45. Kb3
Re5 46. Kxb4 Re2 47. Ka3 Rxh2 48. b4 Rh1 49. b5 Rb1 50. Ka4 Ra1+ 51. Kb4 e5
52. b6 g5 53. Kb5 Rb1+ 54. Ka6 Kd5 55. Rc2 e4 56. fxe4+ Kxe4 57. b7 f5 58. Rc5
Rxb7 59. Kxb7 g4 60. Kc6 Kf3 61. Rxf5+ (61. Rc3+ Kf2 62. Kd5 h4 63. gxh4 g3
64. h5 g2 65. Rc2+ Kg3 66. Rxg2+ Kxg2 67. h6 f4 68. h7 f3 69. h8=Q f2) 1/2-1/2

[Event "Tour Blanche - Meaux Beauval"]
[Site "Tour Blanche"]
[Date "2008.11.22"]
[Round "2.6"]
[White "Faby, Fabrice"]
[Black "Tagnon, Nicole"]
[Result "1-0"]
[WhiteElo "2158"]
[BlackElo "1956"]
[WhiteCountry "Meaux Beauval"]
[BlackCountry "Tour Blanche"]
[EventDate "2008.11.22"]

1. c4 b6 2. Nc3 Bb7 3. e4 Nf6 4. d3 d6 5. f4 Nbd7 6. g4 g6 7. g5 Nh5 8. Be2
Nc5 9. Nh3 Bg7 10. Be3 h6 11. O-O Bc8 12. f5 hxg5 13. Nxg5 Nf6 14. d4 Nb7
15. fxg6 fxg6 16. Nd5 c6 17. Nf4 Bh6 18. Ng2 Bxg5 19. Bxg5 Nxe4 20. Bd3 d5
21. Bh4 Bf5 22. Qa4 Qd7 23. cxd5 cxd5 24. Bb5 1-0

[Event "Tour Blanche - Meaux Beauval"]
[Site "Tour Blanche"]
[Date "2008.11.22"]
[Round "2.7"]
[White "Tréguer, Pierig"]
[Black "Leloup, Emmanuel"]
[Result "1-0"]
[WhiteElo "1955"]
[BlackElo "2047"]
[WhiteCountry "Tour Blanche"]
[BlackCountry "Meaux Beauval"]
[EventDate "2008.11.22"]

1. e4 e6 2. d4 d5 3. Nd2 Be7 4. Ngf3 c5 5. exd5 Qxd5 6. Bc4 Qd8 7. O-O cxd4
8. Nb3 Nc6 9. Nbxd4 Nxd4 10. Nxd4 Nf6 11. Bf4 a6 12. Re1 Bd7 13. Qe2 O-O
14. Rad1 Qb6 15. Be5 Rfd8 16. Rd3 Rac8 17. Bb3 Bc6 18. Nxe6 Rxd3 19. Qxd3 Be4
20. Rxe4 Nxe4 21. Qxe4 fxe6 22. Bd4 Rc5 23. Bxc5 Bxc5 24. Bxe6+ Kh8 25. Bb3 Qd8
26. c3 Qf8 27. Qe2 b6 28. Bd5 a5 29. c4 Bd4 30. b3 g6 31. Bf3 Kg7 32. Qe4 Bc5
33. g3 Qe7 34. Kf1 Qxe4 35. Bxe4 Kf6 36. f4 Ke6 37. Kg2 Kf6 38. h4 Bd6 39. Kf3
Bc5 40. h5 Bd6 41. hxg6 hxg6 42. g4 Bc5 43. Bd5 Bd6 44. Ke4 Bc7 45. g5+ Kg7
46. Be6 Bd6 47. f5 gxf5+ 48. Kxf5 Bc5 49. g6 Bd4 50. Bf7 Kf8 51. Ke6 Bc5
52. Kd7 Bd4 53. Kc6 Ke7 54. Kb5 Kd6 55. a3 Kc7 56. b4 axb4 57. axb4 Bc3 58. c5
bxc5 59. bxc5 Bg7 60. c6 Bf8 61. Be8 Kd8 62. Kb6 1-0

[Event "Tour Blanche - Meaux Beauval"]
[Site "Tour Blanche"]
[Date "2008.11.22"]
[Round "2.8"]
[White "Culcer, Isana"]
[Black "Coucoureux, Michel"]
[Result "0-1"]
[WhiteElo "1410"]
[BlackElo "1910"]
[PlyCount "34"]
[EventDate "2008.11.22"]
[WhiteTeam "Meaux Beauval"]
[BlackTeam "Tour Blanche"]

1. e4 e5 2. Nf3 Nc6 3. Bb5 a6 4. Bc4 Bc5 5. O-O Nf6 6. d3 d6 7. Bd2 Bg4 8. Nc3
Nd4 9. Nd5 c6 10. h3 cxd5 11. Bxd5 Bxf3 12. gxf3 Nxd5 13. exd5 Qf6 14. Kg2 O-O
15. Bc3 Nf5 16. Rg1 Nh4+ 17. Kg3 Qf4# 0-1

[Event "Meaux Beauval - Reims Echec et Mat"]
[Site "Meaux Beauval"]
[Date "2014.03.??"]
[Round "3.1"]
[White "Shchekachev, Andrei"]
[Black "Camus, Bérenger"]
[Result "1-0"]
[WhiteElo "2514"]
[BlackElo "2197"]
[PlyCount "63"]
[EventDate "2008.11.23"]
[WhiteTeam "Meaux Beauval"]
[BlackTeam "Reims Echec et Mat"]

1. Nf3 d5 2. d4 Nf6 3. c4 dxc4 4. e3 a6 5. Bxc4 b5 6. Bd3 e6 7. a4 b4 8. e4 Bb7
9. Qe2 c5 10. Bg5 Be7 11. Nbd2 cxd4 12. e5 Nd5 13. Nc4 Bxg5 14. Nd6+ Kf8 15.
Nxb7 Qc7 16. Nxg5 Qxb7 17. Qe4 h6 18. Nf3 Nd7 19. Bc4 Rc8 20. Qxd4 Qb6 21. Qxb6
N7xb6 22. Bxa6 Rc2 23. b3 Ke7 24. Nd4 Rc3 25. O-O Nd7 26. Rfe1 Nc5 27. Bc4 Nb6
28. Nc6+ Kd7 29. Bb5 Nxb3 30. Nxb4+ Kc7 31. Ra3 Kb7 32. a5 1-0

[Event "Meaux Beauval - Reims Echec et Mat"]
[Site "Meaux Beauval"]
[Date "2008.11.23"]
[Round "3.2"]
[White "Oudot, Jean-Baptiste"]
[Black "Lupu, Mircea-Sergiu"]
[Result "0-1"]
[WhiteElo "2104"]
[BlackElo "2435"]
[WhiteCountry "Reims Echec et Mat"]
[BlackCountry "Meaux Beauval"]
[EventDate "2008.11.23"]

1. e4 d6 2. d4 Nf6 3. Nc3 g6 4. Bc4 c6 5. Nf3 d5 6. exd5 cxd5 7. Bb5+ Bd7
8. Bxd7+ Nbxd7 9. O-O Bg7 10. Bg5 O-O 11. Qc1 Rc8 12. Re1 e6 13. Bh6 Qb6
14. Bxg7 Kxg7 15. Nd1 Rc7 16. c3 Rfc8 17. h4 h5 18. Qf4 Rc6 19. Re2 Qc7 20. Qd2
Ne4 21. Qd3 Qd8 22. Ne3 Nd6 23. Rae1 Qa5 24. a3 Qb5 25. Qb1 Nc4 26. Qc1 Nd6
27. g3 Qa4 28. Kg2 Nf6 29. Ne5 R6c7 30. Nd3 b6 31. Nf1 Nf5 32. Qb1 a5 33. Nd2
Qb5 34. Nf3 Ne4 35. Nd2 Nfd6 36. Nf4 Qd7 37. Nd3 Qd8 38. Nxe4 dxe4 39. Nf4 b5
40. f3 exf3+ 41. Kxf3 b4 42. axb4 axb4 43. Rxe6 Nf5 44. Re8 Qf6 45. Rxc8 Rxc8
46. cxb4 Nxd4+ 47. Ke4 Nc2 48. Rd1 Qc6+ 49. Kd3 Qf3+ 0-1

[Event "Meaux Beauval - Reims Echec et Mat"]
[Site "Meaux Beauval"]
[Date "2008.11.23"]
[Round "3.3"]
[White "Strugnell, Carl"]
[Black "Varoquier, Romain"]
[Result "0-1"]
[WhiteElo "2243"]
[BlackElo "2075"]
[WhiteCountry "Meaux Beauval"]
[BlackCountry "Reims Echec et Mat"]
[EventDate "2008.11.23"]

1. e4 e5 2. Nf3 Nc6 3. Bb5 a6 4. Ba4 Nf6 5. O-O Be7 6. d4 exd4 7. e5 Nd5
8. Re1 O-O 9. Nxd4 Nxd4 10. Qxd4 Nb6 11. Bb3 d6 12. Bf4 c5 13. Qd3 d5 14. c4
dxc4 {=} 15. Bxc4 Be6 16. Qxd8 Raxd8 17. Bxe6 fxe6 18. Bg3 Nd5 19. a4 Nb4
20. Na3 Nd3 21. Re2 h5 22. h3 h4 23. Bh2 c4 24. Kf1 Bxa3 25. Rxa3 Nc1 26. f3
Nxe2 27. Kxe2 Rd5 28. a5 Rb5 29. Ra2 Rd8 30. f4 Rbd5 31. Kf3 Rd3+ 32. Kg4 Rd2
33. Kxh4 Rxg2 34. Bg3 c3 35. Ra3 cxb2 36. Rb3 Rd1 0-1

[Event "Meaux Beauval - Reims Echec et Mat"]
[Site "Meaux Beauval"]
[Date "2008.11.23"]
[Round "3.5"]
[White "Luce, Sébastien"]
[Black "Billon, Olivier"]
[Result "1-0"]
[WhiteElo "2333"]
[BlackElo "2016"]
[WhiteCountry "Meaux Beauval"]
[BlackCountry "Reims Echec et Mat"]
[EventDate "2008.11.23"]

1. Nf3 Nf6 2. c4 g6 3. b3 Bg7 4. Bb2 O-O 5. g3 c5 6. Bg2 Nc6 7. O-O e6 8. Qc1
Qe7 9. d4 d6 10. dxc5 dxc5 11. Ne5 Nd4 12. Nc3 Ne8 13. Nd3 e5 14. e3 Ne6
15. Nd5 Qd6 16. f4 exf4 17. gxf4 Bxb2 18. Qxb2 N6g7 19. e4 Nc7 20. e5 Qd8
21. Nxc5 Nxd5 22. cxd5 Nf5 23. Qf2 Nh4 24. Ne4 Nxg2 25. Nf6+ Kg7 26. Kxg2 Bf5
27. Rfc1 Qa5 28. Rc5 Qa6 29. Rac1 Qd3 30. R5c3 Qb5 31. Rc5 Qd3 32. R5c3 Qb5
33. Qf1 Qa5 34. Qe2 Rac8 35. Rc4 Qb5 36. Qd2 Rfd8 37. d6 Rxc4 38. Rxc4 Bd7
39. Nxd7 Qxd7 40. Kg3 h5 41. h3 Qf5 42. Qc2 h4+ 43. Kh2 Qh5 44. Qd3 Kh8 45. Rc2
Qh6 46. Qe4 b6 47. Qf3 g5 48. f5 Rd7 49. Qe4 Qh5 50. Qg4 Qh6 51. f6 Rd8 52. Rg2
Rg8 53. d7 Qg6 54. Qxg5 Qxg5 55. Rxg5 Rd8 56. e6 1-0

[Event "Meaux Beauval - Reims Echec et Mat"]
[Site "Meaux Beauval"]
[Date "2008.11.23"]
[Round "3.6"]
[White "Garcia, Gilles"]
[Black "Faby, Fabrice"]
[Result "0-1"]
[WhiteElo "1999"]
[BlackElo "2156"]
[WhiteCountry "Reims Echec et Mat"]
[BlackCountry "Meaux Beauval"]
[EventDate "2008.11.23"]

1. d4 e6 2. e4 d5 3. Nc3 Bb4 4. e5 c5 5. a3 Bxc3+ 6. bxc3 Nc6 7. Qg4 Nge7
8. Qxg7 Rg8 9. Qxh7 cxd4 10. Nf3 Qc7 11. Bb5 Bd7 12. O-O Nxe5 13. Nxd4 O-O-O
14. Bxd7+ Kxd7 15. Qh3 Rh8 16. Qe3 Rxh2 17. f4 Rg8 18. g3 Ng4 19. Qf3 Rgh8
20. Qxg4 Rh1+ 21. Kf2 R8h2+ 22. Ke1 Qxc3+ 0-1

[Event "Meaux Beauval - Reims Echec et Mat"]
[Site "Meaux Beauval"]
[Date "2008.11.23"]
[Round "3.7"]
[White "Leloup, Emmanuel"]
[Black "Castanier, Carl"]
[Result "1/2-1/2"]
[WhiteElo "2047"]
[BlackElo "1969"]
[WhiteCountry "Meaux Beauval"]
[BlackCountry "Reims Echec et Mat"]
[EventDate "2008.11.23"]

1. e4 e5 2. Nf3 Nc6 3. Bb5 Bc5 4. O-O d6 5. d4 exd4 6. Nxd4 Bd7 7. Be3 Nxd4
8. Bxd7+ Qxd7 9. Bxd4 Bxd4 10. Qxd4 Nf6 11. e5 dxe5 12. Qxe5+ 1/2-1/2

[Event "Meaux Beauval - Reims Echec et Mat"]
[Site "Meaux Beauval"]
[Date "2008.11.23"]
[Round "3.8"]
[White "Desanlis, Anne-Sophie"]
[Black "Culcer, Iona"]
[Result "1-0"]
[WhiteElo "1924"]
[BlackElo "1410"]
[WhiteCountry "Reims Echec et Mat"]
[BlackCountry "Meaux Beauval"]
[EventDate "2008.11.23"]

1. c4 Nf6 2. g3 c6 3. Bg2 d6 4. Nc3 g6 5. e3 Bg7 6. Nge2 O-O 7. O-O Nbd7
8. Rb1 Rb8 9. d3 e5 10. b4 Ng4 11. b5 f5 12. bxc6 bxc6 13. Bxc6 Nc5 14. Rxb8
Qc7 15. Bd5+ Kh8 16. Rb1 Bb7 17. Bxb7 Nxb7 18. Nd5 Qc6 19. h3 Nf6 20. Nxf6 Rxf6
21. d4 Rf8 22. dxe5 Bxe5 23. Bb2 Bxb2 24. Rxb2 Rf7 25. Qd4+ Kg8 26. Rfb1 1-0

[Event "Limeil Brévannes - Saint Georges"]
[Site "Limeil Brévannes"]
[Date "2008.11.23"]
[Round "3.1"]
[White "Calistri, Tristan"]
[Black "Corbet, Laurent"]
[Result "1-0"]
[WhiteElo "2361"]
[BlackElo "2275"]
[WhiteCountry "Limeil Brévannes"]
[BlackCountry "Saint Georges"]
[EventDate "2008.11.23"]

1. e4 e5 2. Nf3 d6 3. d4 exd4 4. Nxd4 g6 5. Nc3 Bg7 6. Be3 Nf6 7. Qd2 O-O
8. O-O-O Nc6 9. f3 Nxd4 10. Bxd4 Be6 11. g4 c5 12. Be3 Qa5 13. Bh6 b5 14. Bxg7
Kxg7 15. g5 Nh5 16. Nxb5 Qxa2 17. Qc3+ Kg8 18. Qa3 Qxa3 19. bxa3 Rad8 20. Rxd6
Nf4 21. Rxd8 Rxd8 22. Nxa7 Ra8 23. Nb5 c4 24. Kb2 Ra5 25. Nd4 c3+ 26. Kxc3
Rxa3+ 27. Kb2 Ra2+ 28. Kb1 Ra5 29. c3 Ra3 30. Nxe6 Nxe6 31. Kb2 Ra7 32. h4 Rb7+
33. Kc2 Rc7 34. Kd2 Rb7 35. Bc4 Rb2+ 36. Ke3 Rc2 37. Bxe6 fxe6 38. Kd4 Rf2
39. Rh3 Kf7 40. Ke5 Ke7 41. f4 Ra2 42. h5 Ra5+ 43. Kd4 Kd6 44. hxg6 hxg6
45. Rh6 Ra1 46. Rxg6 Rd1+ 47. Kc4 1-0

[Event "Limeil Brévannes - Saint Georges"]
[Site "Limeil Brévannes"]
[Date "2008.11.23"]
[Round "3.2"]
[White "Chevrier, Thomas"]
[Black "Le Dortz, Anthony"]
[Result "0-1"]
[WhiteElo "2193"]
[BlackElo "2109"]
[WhiteCountry "Saint Georges"]
[BlackCountry "Limeil Brévannes"]
[EventDate "2008.11.23"]

1. e4 e5 2. Nf3 Nf6 3. Nxe5 d6 4. Nf3 Nxe4 5. d3 Nf6 6. d4 d5 7. Bg5 Be7
8. Bd3 Bg4 9. O-O O-O 10. Nbd2 Re8 11. c3 Bh5 12. Qc2 Bg6 13. Bxg6 hxg6 14. Ne5
c5 15. dxc5 Bxc5 16. Nef3 Nc6 17. Nb3 Bb6 18. Rad1 Qd6 19. Bxf6 gxf6 20. Qd2
Rad8 21. Nbd4 Ne5 22. Qh6 a6 23. Nxe5 Rxe5 24. Qd2 Kg7 25. Nf3 Rf5 26. Qd3 Rh8
27. g3 Rfh5 28. h4 Qxg3+ 0-1

[Event "Limeil Brévannes - Saint Georges"]
[Site "Limeil Brévannes"]
[Date "2008.11.23"]
[Round "3.3"]
[White "Demagnée, Arnaud"]
[Black "Truchot, Rémi"]
[Result "1-0"]
[WhiteElo "2132"]
[BlackElo "2040"]
[WhiteCountry "Limeil Brévannes"]
[BlackCountry "Saint Georges"]
[EventDate "2008.11.23"]

1. e4 e6 2. d4 d5 3. Nc3 Nf6 4. e5 Nfd7 5. f4 c5 6. Nf3 Nc6 7. Be3 a6 8. Qd2
b5 9. Bd3 cxd4 10. Nxd4 Nxd4 11. Bxd4 Bc5 12. Qf2 Qb6 13. Ne2 Bxd4 14. Qxd4
Qxd4 15. Nxd4 Bb7 16. Kd2 g6 17. g4 Rc8 18. c3 Nc5 19. Bc2 h5 20. h3 Ke7 21. f5
gxf5 22. gxf5 Rhg8 23. Rhg1 Ne4+ 24. Bxe4 dxe4 25. f6+ Kd7 26. Ke3 Bd5 27. a4
bxa4 28. Rxg8 (28. Kf4 Rxg1 29. Rxg1 Rb8 30. Rg7 Rxb2 31. Rxf7+ Kc8 32. Re7 Kd8
33. Nxe6+ Bxe6 34. Rxe6 a5 35. Ra6 Rb5 36. c4 Rb8 37. Kxe4 Rc8 38. Kf5 h4
39. Rxa5) 28... Rxg8 1-0

[Event "Limeil Brévannes - Saint Georges"]
[Site "Limeil Brévannes"]
[Date "2008.11.23"]
[Round "3.4"]
[White "Lalande, Jean-Louis"]
[Black "Champault, Pierre-Emmanuel"]
[Result "1/2-1/2"]
[WhiteElo "2089"]
[BlackElo "2195"]
[WhiteCountry "Saint Georges"]
[BlackCountry "Limeil Brévannes"]
[EventDate "2008.11.23"]

1. d4 d5 2. Nf3 Nf6 3. Bf4 c5 4. e3 Qb6 5. Nc3 c4 6. Rb1 Bg4 7. Be2 e6 8. Nd2
Bxe2 9. Nxe2 Nc6 10. b3 cxb3 11. axb3 Be7 12. h3 O-O 13. O-O Rfc8 14. c4 Qd8
15. c5 Nb4 16. Nf3 b6 17. cxb6 Qxb6 18. Rc1 Rxc1 19. Nxc1 Rc8 20. Bg5 h6
21. Bxf6 Bxf6 22. h4 Qc7 23. Nd3 Nxd3 24. Qxd3 Qc2 25. Qxc2 Rxc2 26. Ra1 Rb2
27. Rxa7 Rxb3 1/2-1/2

[Event "Limeil Brévannes - Saint Georges"]
[Site "Limeil Brévannes"]
[Date "2008.11.23"]
[Round "3.5"]
[White "Lam, Sophie"]
[Black "Baroudel, Hadrien"]
[Result "1-0"]
[WhiteElo "2062"]
[BlackElo "1830"]
[WhiteCountry "Limeil Brévannes"]
[BlackCountry "Saint Georges"]
[EventDate "2008.11.23"]

1. e4 e5 2. Nf3 Nc6 3. Bb5 a6 4. Ba4 Nf6 5. O-O Be7 6. Re1 d6 7. h3 O-O 8. c3
b5 9. Bc2 Bb7 10. d4 exd4 11. cxd4 (11. Nxd4 Re8 12. Bg5 Nxd4 13. cxd4 Nxe4
14. Bxe7 Rxe7 15. Re3 Nf6 16. Nc3 Rxe3 17. fxe3 Qe7 18. Qe2 c5 19. dxc5 dxc5
20. Rf1 Ne4 21. Nxe4 Bxe4 22. Bxe4 Qxe4 23. b3 Rd8 24. Kh1 c4 25. bxc4 bxc4
26. Qf2 f6 27. Rc1 c3 28. Qf4 Qc6 29. Rc2 a5 30. e4 Rc8 31. Qe3 Qc4 32. Kg1 Re8
33. Rxc3 Qxe4 34. Qg3 Qb1+ 35. Kh2 Qxa2 36. Rc7 g5 37. Qd3 Qf7 38. Rxf7 Kxf7
39. Qxh7+ Kf8 40. Qf5 Kf7 41. Qxa5 Re5 42. Qc7+ Kg6 43. g4 Re2+ 44. Kg3 Re3+
45. Kg2 Re2+ 46. Kf3 Re5 47. Qd7 Ra5 48. Qe8+ Kg7 49. Qe7+ Kg6 50. Qf8 Re5
51. Qg8+ Kh6 52. Qf7) 1-0

[Event "Limeil Brévannes - Saint Georges"]
[Site "Limeil Brévannes"]
[Date "2008.11.23"]
[Round "3.6"]
[White "Mollion, Jean-Luc"]
[Black "Guez, Fabien"]
[Result "0-1"]
[WhiteElo "1880"]
[BlackElo "2118"]
[WhiteCountry "Saint Georges"]
[BlackCountry "Limeil Brévannes"]
[EventDate "2008.11.23"]

1. e4 e6 2. d3 c5 3. g3 b5 4. Bg2 Bb7 5. Nc3 b4 6. Nce2 Nf6 7. a3 a5 8. f4 Qb6
9. Nf3 c4 10. Nd2 Ng4 11. Nxc4 Qf2+ 12. Kd2 Qxg2 13. Ne3 Nxe3 14. Kxe3 Bc5+
15. Kd2 Qf2 16. c3 Be3+ 17. Kc2 Bxc1 18. Kxc1 O-O 19. Nd4 bxc3 20. bxc3 Rc8
21. Qd2 Qxd4 0-1

[Event "Limeil Brévannes - Saint Georges"]
[Site "Limeil Brévannes"]
[Date "2008.11.23"]
[Round "3.7"]
[White "Thély, Ludovic"]
[Black "Thureau, Daniel"]
[Result "1-0"]
[WhiteElo "2133"]
[BlackElo "1800"]
[WhiteCountry "Limeil Brévannes"]
[BlackCountry "Saint Georges"]
[EventDate "2008.11.23"]

1. e4 e5 2. Nf3 Nc6 3. Bb5 d6 4. d4 exd4 5. Nxd4 Bd7 6. Bxc6 Bxc6 7. O-O Be7
8. Nc3 Bf6 9. Re1 Ne7 10. Be3 O-O 11. f4 Bxd4 12. Qxd4 f6 13. Rad1 Qe8 14. Ne2
Kh8 15. Ng3 a6 16. Bd2 Qf7 17. Bc3 Rad8 18. b3 Rd7 19. Qe3 Qg6 20. f5 Qf7
21. Ne2 Rdd8 22. Nf4 Bd7 23. Qh3 g5 24. Nh5 Ng8 25. g4 Bc6 26. Qe3 Rfe8
27. Qxg5 Rf8 28. Qh4 h6 29. Rd3 Kh7 30. Rh3 Rde8 31. Nxf6+ 1-0

[Event "Limeil Brévannes - Saint Georges"]
[Site "Limeil Brévannes"]
[Date "2008.11.23"]
[Round "3.8"]
[White "Chaton, Marie-Claude"]
[Black "Monnier, Michel"]
[Result "0-1"]
[WhiteElo "1280"]
[BlackElo "1660"]
[WhiteCountry "Saint Georges"]
[BlackCountry "Limeil Brévannes"]
[EventDate "2008.11.23"]

1. e4 e5 2. Nf3 Nc6 3. Bc4 Nf6 4. d3 Bc5 5. O-O h6 6. Nc3 O-O 7. Nd5 d6 8. h3
Nxd5 9. Bxd5 Ne7 10. Bb3 Ng6 11. Re1 Kh8 12. d4 exd4 13. Nxd4 Bb6 14. Kf1 Qh4
15. Be3 Qxe4 16. c3 Qh4 17. Nf3 Qh5 18. Bxb6 axb6 19. a3 Nf4 20. Re4 Ne6
21. Ba2 Bd7 22. Bd5 Bc6 23. Bxc6 bxc6 24. Qb3 Nc5 0-1

[Event "Clichy 3 - Canal Saint Martin"]
[Site "Canal Saint Martin"]
[Date "2008.11.23"]
[Round "3.2"]
[White "Petitpas, Franck"]
[Black "Keller, Christophe"]
[Result "1/2-1/2"]
[WhiteElo "2165"]
[BlackElo "2194"]
[WhiteCountry "Canal Saint Martin"]
[BlackCountry "Clichy 3"]
[EventDate "2008.11.23"]

1. e4 e6 2. d3 d5 3. Nd2 Nf6 4. Ngf3 c5 5. g3 Nc6 6. Bg2 Be7 7. O-O O-O 8. e5
Nd7 9. Re1 b5 10. Nf1 a5 11. h4 b4 12. Bf4 Ba6 13. N1h2 a4 14. Ng5 Qe8 15. Qh5
Bxg5 16. Qxg5 Nd4 17. Ng4 Kh8 18. Ne3 Rg8 19. Rac1 1/2-1/2